ロード中...
Vijayathinte padavukal/
| 第一著者: | |
|---|---|
| フォーマット: | Printed Book |
| 出版事項: |
Kottayam:
D C Books,
2004.
|
| 版: | 4th.ed. |
| LEADER | 00451nam a22001457a 4500 | ||
|---|---|---|---|
| 020 | |a 8126404698 | ||
| 082 | |a 080 WAR/V | ||
| 100 | |a Warrier,B S | ||
| 245 | |a Vijayathinte padavukal/ |c B S Warrier | ||
| 250 | |a 4th.ed. | ||
| 260 | |a Kottayam: |b D C Books, |c 2004. | ||
| 300 | |a 174p. | ||
| 942 | |c REF | ||
| 999 | |c 258405 |d 258405 | ||
| 952 | |0 0 |1 0 |4 0 |6 080_000000000000000_WAR_V |7 0 |9 287748 |a RUS |b RUS |c REF |d 2005-02-16 |i 6003M |l 0 |o 080 WAR/V |p RUS6003M |r 2014-02-14 |w 2014-02-14 |y REF | ||